000 01734nam a22002777a 4500
001 6734
003 FISKH
005 20250813085849.0
008 250523b cb ||||| |||| 00| 0 eng d
020 _a9780198487869
040 _aFISKH
_beng
_cFISKH
_dFISKH
050 _aPZ7
082 _a912
100 _aWiegand, Patrick
245 _aOxford very first Atlas :
_bIncludes flage of the world /
_cEditorial Advisor Dr Patrick Wiegand
250 _aThis edition published in 2011
260 _aNew York :
_bOxford University Press,
_c2010
300 _a32 pages :
_bcolor illustrations ; maps ;
_c24 cm
505 _aJ
520 _aHave you ever wondered:* What the Earth looks like from space?* How many continents there are?* Where Mount Everest is?Find out in your very first atlas!The Oxford Very First Atlas is a stimulating first atlas for young children. It is completely up-to-date with accurate, easy-to-read and colourful mapping, presented in an accessible visual layout based on research into how young children use maps. It introduces young learners to maps and developsearly atlas skills, encouraging them to talk about local and distant places and to find key places on maps. It includes:* An introduction to the globe and places around the world* Stunning images of the Earth from space* Clear and colourful maps of the world and all the continents.The Oxford Very First Atlas is also accompanied by an Activity Book for independent work to develop map skills and an e-Atlas CD-ROM providing an interactive version of the atlas for whole-class display.
521 8 _a500
_bLexile estimate
521 8 _aJ
_bRaz-Plus
650 _aEarth
_vGeography
942 _2ddc
_cBK
_n0
999 _c6734
_d6734